Physiological basis of salt tolerance of plants (as affected by various types of salinity) /
Guardado en:
| Autor Principal: | |
|---|---|
| Formato: | Libro |
| Idioma: | English |
| Publicado: |
Jerusalem :
Israel Program for Scientific Translations,
1964.
|
| Etiquetas: |
Agregar Etiqueta
Sin Etiquetas, Sea el primero en etiquetar este registro!
|
| LEADER | 00844nam a22001575a 4500 | ||
|---|---|---|---|
| 001 | EEA.libagro001075 | ||
| 008 | 130809s1964####is#a#####b####000#0#eng#d | ||
| 005 | 20211227100334.0 | ||
| 245 | 1 | 0 | |a Physiological basis of salt tolerance of plants (as affected by various types of salinity) / |c [by] B. P. Strogonov. [Translated and edited by Alexandra Poljakoff-Mayber and A. M. Mayer]. |
| 260 | |a Jerusalem : |b Israel Program for Scientific Translations, |c 1964. | ||
| 300 | |a 279 p. : |b il. ; |c 24 cm. | ||
| 500 | |a Cabecera del título: Akademiya nauk SSSR. Institut Fiziologii Rastenii im. K. A. Timiryazeva. Academy of Sciences of the U. S. S. R. Institute of Plant Physiology im. K. A. Timiryazev. | ||
| 504 | |a Bibliography: p. 256-279. | ||
| 100 | 1 | |a Strogonov, Boris Petrovich. | |
| 082 | 0 | 4 | |a 581.19214 |
| 859 | |a AR-BbBCA |b BIB. AGRONOMIA |h 581.19214 |i S921 |p 1966/0184 | ||
